000 00934nam a22001937a 4500
005 20250723111410.0
010 _aHIN-129922
020 _a9788195392636
_c400.00
035 _aHN-102268
037 _bDBAD/PUB
082 _a813
100 _aपण्डया प्रवीण
_983162
245 _aसमकालीन संस्कृत काव्यशास्त्र एवं विमर्श /
_cप्रवीण पण्डय
246 _a
260 _aजयपुर
_bराष्ट्रीय संस्कृत साहित्य केन्द्र
270 _a222 सरस्वती सदन, बिहारीजी की गली, सौखियो का रास्ता, किशनपोल बाजार, जयपुर- 302001
300 _a144पृ.
_b 21.7सेमी (सजिल्द)
942 _2ddc
_cHN
_h813
_m पण्डय
999 _c212478
_d212478